000 01495nam0a2200385 4500
001 RU\NLR\bibl\1174408
005 20250615090326.0
010 _a975-5-86328-872-7
_9200
021 _aRU
_b2007-81469
_94389
035 _a(NLR Aleph) 001161075
090 _a1537905
_c1537905
100 _a20080110d2007 |||y0rusy50 ca
101 0 _arus
102 _aRU
105 _aa |||||||||
200 1 _aРасчет механических передач
_eучебное пособие
_fЭ. В. Ратманов
_gМ-во образования Рос. Федерации, Федер. агентство по образованию, Кург. гос. ун-т
205 _aИзд. 2-е, перераб. и доп.
210 _aКурган
_cКГУ
_d2007
215 _a115 с.
_cил.
_d21
320 _aБиблиогр.: с. 114 (27 назв.)
606 0 _aПередаточные механизмы
_jУчебные издания для высшей школы
_xРасчет
_92074144
_3RU\NLR\auth\661249121
610 0 _aПередачи (мех.) - Расчет
675 _a621.83(075.8)
_v3
_zrus
686 _a55.03
_2rugasnti
686 _a34.44я73
_2rubbk
686 _aК445-02я73-1
700 1 _aРатманов
_bЭ. В.
_gЭдуард Владимирович
_4070
801 0 _aRU
_bRKP
_c20030408
_gPSBO
801 1 _aRU
_bRKP
_c20030408
801 2 _aRU
_bNLR
_c20080324
_grcr
830 _aпо кн
942 _cBOOK
980 _aNB
980 _aNBR